| 000 | 00687nam a22002297a 4500 | ||
|---|---|---|---|
| 001 | 00028584 | ||
| 005 | 20260319175445.0 | ||
| 008 | 260318b ag ||||| |||| 00| 0 spa d | ||
| 020 | _a9506491208 | ||
| 040 |
_aAR-CcCEOS _bspa _cAR-CcCEOS |
||
| 041 | _aspa | ||
| 080 | _a159.922 | ||
| 090 | _bFER | ||
| 100 | 1 |
_aFérnandez, Elida Edith, _d1947- _9915 |
|
| 245 |
_aAlgo es posible : _bClínica psicoanalítica de locuras y psicosis / _cÉlida E. Fernández |
||
| 250 | _a1ª ed. | ||
| 260 |
_aBuenos Aires : _bLetra Viva, _c2005. |
||
| 300 |
_a256 p. ; _c24x15 cm. |
||
| 655 | 0 |
_apsicoanalisis _9442 |
|
| 942 |
_2udc _cBK _n0 |
||
| 999 |
_c28614 _d28614 |
||